000
00233nmm a2200085Ia 4500
008
220120s9999||||xx |||||||||||||||||und||
100
_a
IT
_9
10698
245
0
_a
Web Development : Advanced effect maker 1.5, Apache 1.3.33,
260
_c
2005
999
_c
138491
_d
138491